Online Public Access Catalogue

NCLEX- RN Examination (Record no. 8487)

MARC details
000 -LEADER
fixed length control field 00471nam a2200169Ia 4500
020 ## - INTERNATIONAL STANDARD BOOK NUMBER
International Standard Book Number 9788131243152
082 ## - DEWEY DECIMAL CLASSIFICATION NUMBER
Classification number 610.73076
Author Mark SIL
100 ## - MAIN ENTRY--PERSONAL NAME
Author Name Silvestri, linda.Arne
245 #0 - TITLE STATEMENT
Title NCLEX- RN Examination
250 ## - EDITION STATEMENT
Edition statement 6th
260 ## - PUBLICATION, DISTRIBUTION, ETC.
Name of publisher, distributor, etc. Elsevier
Date of publication, distribution, etc. 2015
Place of publication, distribution, etc. india
300 ## - PHYSICAL DESCRIPTION
No of Pages 684
illustrations ill
Dimensions 26cm
440 ## - SERIES STATEMENT/ADDED ENTRY--TITLE
Title NCLEX- RN Examination
504 ## - BIBLIOGRAPHY, ETC. NOTE
Bibliography, Index, etc. note include:index
650 ## - SUBJECT ADDED ENTRY--TOPICAL TERM
Subject Nursing
Keywords client needs
-- comprehensive test
-- integrated processes
-- IMDC
942 ## - ADDED ENTRY ELEMENTS (KOHA)
Koha item type Books
Source of classification or shelving scheme
952 ## - LOCATION AND ITEM INFORMATION (KOHA)
-- 2018-03-16
952 ## - LOCATION AND ITEM INFORMATION (KOHA)
-- 2019-12-12
Holdings
Item status Home library Current library Shelving location Date acquired Total Checkouts Full call number Barcode Checked out Date last seen Date last checked out Koha item type
  Islamabad Medical and Dental College Islamabad Medical and Dental College Islamabad Medical and Dental College 16/03/2018 4 610.73076 SIL 10271 09/12/2025 25/11/2025 25/11/2025 Books
  Islamabad Medical and Dental College Islamabad Medical and Dental College Islamabad Medical and Dental College 12/12/2019 4 610.73076 SIL 10272   27/04/2026 02/10/2025 Books

Copyright @ IMDC Library
Islamabad Medical and Dental College
Bhara Kahu, Islamabad

  Contact the Librarian, IMDC
  Email:: library@imdcollege.edu.pk

  OPAC Customized by
  Mazhar Hussain,
  Librarian:
  Islamabad Medical and Dental College
  Email:: library@imdcollege.edu.pk